Battle for Africa / (Record no. 5202)

MARC details
000 -LEADER
fixed length control field 00791pam a2200265 i 4500
001 - CONTROL NUMBER
control field 3665881
003 - CONTROL NUMBER IDENTIFIER
control field GBCCL
005 - DATE AND TIME OF LATEST TRANSACTION
control field 20241126110535.0
008 - FIXED-LENGTH DATA ELEMENTS--GENERAL INFORMATION
fixed length control field 770907s1977 nju 000 0 eng
010 ## -
-- 77013280
020 ## - INTERNATIONAL STANDARD BOOK NUMBER
International Standard Book Number 0800708768 :
Terms of availability $6.95
040 ## - CATALOGING SOURCE
Original cataloging agency DLC
Transcribing agency DLC
Modifying agency DLC
043 ## -
-- f------
050 00 -
-- BR1360
-- .A57
082 00 - DEWEY DECIMAL CLASSIFICATION NUMBER
Classification number 209.6
Item number AND
100 0# - MAIN ENTRY--PERSONAL NAME
Personal name Andrew,
Titles and words associated with a name Brother.
9 (RLIN) 9367
245 10 - TITLE STATEMENT
Title Battle for Africa /
Statement of responsibility, etc. Brother Andrew, with Charles Paul Conn.
260 ## - PUBLICATION, DISTRIBUTION, ETC.
Place of publication, distribution, etc. Old Tappan, N.J. :
Name of publisher, distributor, etc. Revell,
Date of publication, distribution, etc. c1977.
300 ## - PHYSICAL DESCRIPTION
Extent 156 p. ;
Dimensions 24 cm.
650 #0 - SUBJECT ADDED ENTRY--TOPICAL TERM
Topical term or geographic name entry element Christianity
Geographic subdivision Africa.
9 (RLIN) 7024
650 #0 - SUBJECT ADDED ENTRY--TOPICAL TERM
Topical term or geographic name entry element Communism and Christianity
Geographic subdivision Africa.
9 (RLIN) 9368
700 1# - ADDED ENTRY--PERSONAL NAME
Personal name Conn, Charles Paul,
Relator term joint author.
9 (RLIN) 9369
906 ## - LOCAL DATA ELEMENT F, LDF (RLIN)
a 7
b cbc
c orignew
d 1
e ocip
f 19
g y-gencatlg
942 ## - ADDED ENTRY ELEMENTS (KOHA)
Source of classification or shelving scheme Dewey Decimal Classification
Koha item type Books
Holdings
Withdrawn status Lost status Source of classification or shelving scheme Damaged status Not for loan Home library Current Library Shelving location Date acquired Total checkouts Full call number Barcode Date last seen Copy number Price effective from Koha item type
    Dewey Decimal Classification     GRACE BIBLE COLLEGE GRACE BIBLE COLLEGE Philosophy and Religion 2018-03-02   209.6 AND 008006 2025-05-01 c.1 2018-03-02 Books
© Grace Bible College Library 2025